[Event "London Classic op U1750 8th"]
[Site "London"]
[Date "2016.12.16"]
[Round "5"]
[White "Moran, Joe"]
[Black "Davidson, Laura"]
[Result "1/2-1/2"]
[WhiteElo "1652"]
[BlackElo "1549"]
[PlyCount "45"]
[EventDate "2016.12.12"]
[EventType "swiss"]
[EventRounds "5"]
[EventCountry "ENG"]
[SourceTitle "EXT 2019"]
[Source "ChessBase"]
[SourceDate "2018.10.10"]
[SourceVersion "1"]
[SourceVersionDate "2018.10.10"]
[SourceQuality "1"]

1. e4 e5 2. Nf3 Nc6 3. d4 exd4 4. Nxd4 Nf6 5. Nxc6 bxc6 6. e5 Qe7 7. Qe2 Nd5 8. c4 Ba6 9. b3 g6 10. f4 Bg7 11. Qf2 Nf6 12. Be2 0-0 13. Ba3 d6 14. Bb2 Nd7 15. exd6 cxd6 16. Bxg7 Kxg7 17. Nc3 Rfe8 18. 0-0 Nf6 19. Rfe1 Qe3 20. Rac1 Bb7 21. Qxe3 Rxe3 22. Bf3 Rae8 23. Kf2 1/2-1/2

[Event "London Classic op-A U2000 5th"]
[Site "London"]
[Date "2013.12.12"]
[Round "4"]
[White "Mandnikar, Atreya"]
[Black "Moran, Joe"]
[Result "1/2-1/2"]
[WhiteElo "1471"]
[BlackElo "1560"]
[PlyCount "50"]
[EventDate "2013.12.09"]
[EventType "swiss"]
[EventRounds "5"]
[EventCountry "ENG"]
[SourceTitle "EXT 2016"]
[Source "ChessBase"]
[SourceDate "2015.10.08"]
[SourceVersion "1"]
[SourceVersionDate "2015.10.08"]
[SourceQuality "1"]

1. e4 e5 2. Nf3 Nc6 3. Nc3 Nf6 4. d4 exd4 5. Nxd4 Bb4 6. Nxc6 bxc6 7. Bd3 d5 8. exd5 cxd5 9. 0-0 0-0 10. Bg5 c6 11. Qf3 Bd6 12. Rfe1 h6 13. Bxf6 Qxf6 14. Qxf6 gxf6 15. Ne2 Rb8 16. b3 Re8 17. Nd4 Bd7 18. Nf5 Bxf5 19. Bxf5 Be5 20. Rad1 c5 21. g3 d4 22. Re4 Bc7 23. Rde1 Re5 24. Bd7 Rd8 25. Bb5 Kf8 1/2-1/2

[Event "London Classic op-A U2000 5th"]
[Site "London"]
[Date "2013.12.09"]
[Round "1"]
[White "Moran, Joe"]
[Black "Reed, Boyd M"]
[Result "1/2-1/2"]
[WhiteElo "1560"]
[BlackElo "1939"]
[PlyCount "171"]
[EventDate "2013.12.09"]
[EventType "swiss"]
[EventRounds "5"]
[EventCountry "ENG"]
[SourceTitle "EXT 2016"]
[Source "ChessBase"]
[SourceDate "2015.10.08"]
[SourceVersion "1"]
[SourceVersionDate "2015.10.08"]
[SourceQuality "1"]

1. e4 e5 2. Nf3 Nc6 3. d4 exd4 4. Nxd4 Qf6 5. Be3 Bc5 6. c3 Nge7 7. Bc4 0-0 8. 0-0 d6 9. Kh1 Ne5 10. Be2 Qh4 11. f4 Ng4 12. Bxg4 Bxg4 13. Qe1 Qxe1 14. Rxe1 Bd7 15. Nc2 Bxe3 16. Nxe3 Ng6 17. g3 Bc6 18. Nd5 Rae8 19. Nd2 Bxd5 20. exd5 Ne7 21. c4 Nf5 22. Nf3 Ne3 23. Rac1 f6 24. Nd4 Ng4 25. Rxe8 Rxe8 26. Ne6 Re7 27. Kg2 c6 28. Rc3 f5 29. h3 Nf6 30. Kf3 cxd5 31. Nd4 g6 32. c5 Ne4 33. cxd6 Nxd6 34. Rc5 Nc4 35. Rxd5 Nxb2 36. Ra5 a6 37. Rc5 Nd3 38. Rc8+ Kg7 39. h4 Nb4 40. a3 Nd5 41. a4 Re4 42. Ne2 Rxa4 43. Rc5 Ra3+ 44. Kf2 Rd3 45. Rc8 a5 46. Rc5 a4 47. Ra5 a3 48. Nc1 Rc3 49. Ne2 Rd3 50. Nc1 Rd1 51. Ne2 b5 52. Rxa3 b4 53. Ra7+ Kh6 54. Rb7 Rd3 55. Nc1 Rc3 56. Ne2 Rc2 57. Ke1 Rc4 58. Kd1 Nc3+ 59. Nxc3 Rxc3 60. Rxb4 Rxg3 61. Ke2 Rh3 62. Kf2 Rxh4 63. Kg3 Rh1 64. Rb7 Ra1 65. Rc7 Ra3+ 66. Kh4 Rf3 67. Rc4 Kg7 68. Ra4 Re3 69. Rb4 Kh6 70. Ra4 Re4 71. Ra6 Rxf4+ 72. Kg3 Ra4 73. Rxa4 Kg5 74. Ra7 h6 75. Ra4 Kf6 76. Ra6+ Kg5 77. Ra4 Kh5 78. Rh4+ Kg5 79. Ra4 h5 80. Rb4 Kf6 81. Rb6+ Kg5 82. Rb4 Kh6 83. Rb6 Kg5 84. Rb4 Kf6 85. Rb6+ Kg5 86. Rb4 1/2-1/2